<?xml version="1.0" encoding="UTF-8"?>
<record
    xmlns:xsi="http://www.w3.org/2001/XMLSchema-instance"
    xsi:schemaLocation="http://www.loc.gov/MARC21/slim http://www.loc.gov/standards/marcxml/schema/MARC21slim.xsd"
    xmlns="http://www.loc.gov/MARC21/slim">

  <leader>00495nam a2200181 i 4500</leader>
  <controlfield tag="001">C00034441c</controlfield>
  <controlfield tag="005">20241029144812.0</controlfield>
  <controlfield tag="008">980903s1831    xxk           000 0 eng d</controlfield>
  <datafield tag="080" ind1=" " ind2=" ">
    <subfield code="a">914.60</subfield>
  </datafield>
  <datafield tag="245" ind1="0" ind2="2">
    <subfield code="a">A YEAR in Spain / </subfield>
    <subfield code="c">by a young american.</subfield>
  </datafield>
  <datafield tag="260" ind1=" " ind2=" ">
    <subfield code="a">London : </subfield>
    <subfield code="b">John Murray, </subfield>
    <subfield code="c">1931.</subfield>
  </datafield>
  <datafield tag="300" ind1=" " ind2=" ">
    <subfield code="a">2 v. ; </subfield>
    <subfield code="c">21 cm.</subfield>
  </datafield>
  <datafield tag="500" ind1=" " ind2=" ">
    <subfield code="a">Legado Lafuente Ferrari.</subfield>
  </datafield>
  <datafield tag="651" ind1=" " ind2=" ">
    <subfield code="a">Espa&#xF1;a-</subfield>
    <subfield code="x">Descripciones y viajes.</subfield>
    <subfield code="9">79277</subfield>
  </datafield>
  <datafield tag="852" ind1="4" ind2="2">
    <subfield code="j">LF-8738, LF-8739</subfield>
  </datafield>
  <datafield tag="952" ind1=" " ind2=" ">
    <subfield code="0">0</subfield>
    <subfield code="1">0</subfield>
    <subfield code="4">0</subfield>
    <subfield code="7">0</subfield>
    <subfield code="8">NOR</subfield>
    <subfield code="a">RABASF</subfield>
    <subfield code="b">RABASF</subfield>
    <subfield code="c">LF</subfield>
    <subfield code="d">1998-09-03</subfield>
    <subfield code="e">D</subfield>
    <subfield code="l">0</subfield>
    <subfield code="o">LF-8738-8739</subfield>
    <subfield code="p">1036578</subfield>
    <subfield code="r">2024-10-15 09:27:59</subfield>
    <subfield code="w">2024-10-15</subfield>
    <subfield code="y">FA</subfield>
  </datafield>
  <datafield tag="999" ind1=" " ind2=" ">
    <subfield code="c">33661</subfield>
    <subfield code="d">33661</subfield>
  </datafield>
</record>
